[Event "Logumkloster op"]
[Site "Logumkloster"]
[Date "2019.05.21"]
[Round "6"]
[White "Kristensen, Karl Martin"]
[Black "Jessen, Morten"]
[Result "0-1"]
[WhiteElo "1501"]
[BlackElo "1655"]
[PlyCount "56"]
[EventDate "2019.03.26"]
[EventType "swiss"]
[EventRounds "7"]
[EventCountry "DEN"]
[SourceTitle "EXT 2020"]
[Source "ChessBase"]
[SourceDate "2019.10.17"]
[SourceVersion "1"]
[SourceVersionDate "2019.10.17"]
[SourceQuality "1"]

1. e4 d6 2. d4 Nf6 3. Nc3 g6 4. h3 Bg7 5. Nf3 0-0 6. Bd3 Nc6 7. a3 a6 8. Be3 e6 9. 0-0 Re8 10. e5 dxe5 11. Nxe5 Nxd4 12. f4 Nf5 13. Bf2 Qd6 14. Qf3 c6 15. Rad1 Qc7 16. b4 Nd7 17. Na4 Nxe5 18. fxe5 Bxe5 19. Bxf5 exf5 20. Bb6 Qe7 21. Rfe1 Qf6 22. Bf2 Be6 23. Bb6 Bd5 24. Qf1 Bg3 25. Bf2 Bxf2+ 26. Qxf2 Rxe1+ 27. Rxe1 b5 28. Re3 bxa4 0-1

[Event "Logumkloster op"]
[Site "Logumkloster"]
[Date "2019.05.07"]
[Round "5"]
[White "Baagoe, Hans Chr"]
[Black "Kristensen, Karl Martin"]
[Result "1-0"]
[WhiteElo "1699"]
[BlackElo "1501"]
[PlyCount "97"]
[EventDate "2019.03.26"]
[EventType "swiss"]
[EventRounds "7"]
[EventCountry "DEN"]
[SourceTitle "EXT 2020"]
[Source "ChessBase"]
[SourceDate "2019.10.17"]
[SourceVersion "1"]
[SourceVersionDate "2019.10.17"]
[SourceQuality "1"]

1. d4 d5 2. c4 Bf5 3. Nc3 e6 4. a3 c6 5. Nf3 Bd6 6. cxd5 exd5 7. Bg5 f6 8. Bd2 g5 9. e3 h5 10. h3 h4 11. Nh2 Qc7 12. Ng4 Nd7 13. Rc1 a6 14. Nxd5 Qd8 15. Nc3 Be6 16. e4 Qe7 17. Be2 f5 18. exf5 Bxf5 19. 0-0 Nh6 20. Nxh6 Rxh6 21. Bh5+ Kf8 22. Re1 Qg7 23. Be3 Kg8 24. Bg4 Rf8 25. b4 Bh7 26. d5 Ne5 27. Be6+ Nf7 28. Bd4 Qg6 29. Ne4 Bf4 30. Nf6+ Kg7 31. Nd7+ Kg8 32. Nxf8 Kxf8 33. Rc3 Nd8 34. Bd7 Kf7 35. Be8+ Kf8 36. Bxg6 Bxg6 37. Bc5+ Kg8 38. dxc6 Nxc6 39. Qd5+ Bf7 40. Qd7 Ne5 41. Qd8+ Kh7 42. Bd4 Re6 43. Bxe5 Bxe5 44. Rce3 Rd6 45. Qxg5 Bf6 46. Qf5+ Bg6 47. Re7+ Bxe7 48. Rxe7+ Kg8 49. Qc8+ 1-0

[Event "Grenzturnering 1617"]
[Site "Denmark"]
[Date "2017.02.21"]
[Round "6"]
[White "Kristensen, Karl Martin"]
[Black "Langner, Michel"]
[Result "0-1"]
[WhiteElo "1108"]
[BlackElo "1846"]
[PlyCount "60"]
[EventDate "2016.09.27"]
[EventType "swiss"]
[EventRounds "9"]
[EventCountry "DEN"]
[SourceTitle "EXT 2023"]
[Source "ChessBase"]
[SourceDate "2022.10.05"]
[SourceVersion "1"]
[SourceVersionDate "2022.10.05"]
[SourceQuality "1"]

1. c4 e5 2. Nc3 d6 3. e4 Nc6 4. d3 Nge7 5. Be3 g6 6. h3 f5 7. f3 f4 8. Bf2 Be6 9. d4 exd4 10. Bxd4 Nxd4 11. Qxd4 Rg8 12. 0-0-0 Nc6 13. Qd2 Qf6 14. Nd5 Bxd5 15. cxd5 Ne5 16. Kb1 a6 17. Ne2 g5 18. Nd4 Rg7 19. Rc1 Re7 20. Qa5 Rc8 21. Ne6 Kf7 22. Nxc7 Bg7 23. Qb6 Nd7 24. Qb3 Nc5 25. Rxc5 Rcxc7 26. Rxc7 Rxc7 27. Qb6 Kg6 28. Be2 Rc5 29. Qxb7 Rb5 30. Bxb5 Qxb2# 0-1

[Event "Grenzturnering Basis 1516"]
[Site "Denmark"]
[Date "2016.05.03"]
[Round "8"]
[White "Kristensen, Karl Martin"]
[Black "Eis, Harald"]
[Result "0-1"]
[WhiteElo "1439"]
[BlackElo "1476"]
[PlyCount "66"]
[EventDate "2015.10.20"]
[EventType "tourn"]
[EventRounds "9"]
[EventCountry "DEN"]
[SourceTitle "EXT 2023"]
[Source "ChessBase"]
[SourceDate "2022.10.05"]
[SourceVersion "1"]
[SourceVersionDate "2022.10.05"]
[SourceQuality "1"]

1. c4 g6 2. Nc3 Bg7 3. d4 b6 4. e4 Nc6 5. Be3 Bb7 6. f4 e6 7. Nf3 Nce7 8. Bd3 Nf6 9. Qd2 d5 10. cxd5 exd5 11. e5 Ng4 12. 0-0 Qd7 13. h3 Nxe3 14. Qxe3 Nf5 15. Bxf5 Qxf5 16. g4 Qd7 17. Rae1 0-0-0 18. e6 fxe6 19. Qxe6 Rhe8 20. Qxd7+ Kxd7 21. Rxe8 Rxe8 22. Ne5+ Bxe5 23. fxe5 c5 24. Nb5 Ba6 25. Rf7+ Re7 26. e6+ Kxe6 27. Rxe7+ Kxe7 28. Nc3 Kd6 29. dxc5+ Kxc5 30. Kf2 Kd4 31. Kf3 Ke5 32. a4 d4 33. Ne4 Bb7 0-1

[Event "Grenzturnering Basis 1516"]
[Site "Denmark"]
[Date "2016.04.04"]
[Round "7"]
[White "Maas, Ralf"]
[Black "Kristensen, Karl Martin"]
[Result "1/2-1/2"]
[WhiteElo "1268"]
[BlackElo "1439"]
[PlyCount "51"]
[EventDate "2015.10.20"]
[EventType "tourn"]
[EventRounds "9"]
[EventCountry "DEN"]
[SourceTitle "EXT 2023"]
[Source "ChessBase"]
[SourceDate "2022.10.05"]
[SourceVersion "1"]
[SourceVersionDate "2022.10.05"]
[SourceQuality "1"]

1. e4 e5 2. Nf3 Nc6 3. Bc4 Bc5 4. c3 Nf6 5. d4 Bd6 6. dxe5 Nxe5 7. Nxe5 Bxe5 8. Bg5 h6 9. Bxf6 Qxf6 10. Nd2 0-0 11. 0-0 c6 12. Qf3 Qe7 13. Qe3 Bc7 14. Rad1 d6 15. Nf3 b5 16. Bb3 Be6 17. Nd4 Qd7 18. Nxe6 fxe6 19. Kh1 Kh8 20. Qh3 Rae8 21. a4 Qe7 22. axb5 cxb5 23. Ra1 Bb6 24. f3 a5 25. Qh5 Qg5 26. Qxg5 1/2-1/2

[Event "Vojens Sonderjysk EMT B"]
[Site "Vojens"]
[Date "2015.05.18"]
[Round "4"]
[White "Kristensen, Karl Martin"]
[Black "Jessen, Morten"]
[Result "1/2-1/2"]
[WhiteElo "1409"]
[BlackElo "1469"]
[PlyCount "55"]
[EventDate "2015.04.27"]
[EventType "tourn"]
[EventRounds "7"]
[EventCountry "DEN"]
[SourceTitle "EXT 2023"]
[Source "ChessBase"]
[SourceDate "2022.10.05"]
[SourceVersion "1"]
[SourceVersionDate "2022.10.05"]
[SourceQuality "1"]

1. c4 e5 2. Nc3 Nc6 3. Nf3 b6 4. e4 Bb7 5. Bd3 Nf6 6. a3 Be7 7. Bc2 0-0 8. d4 exd4 9. Nxd4 d6 10. h3 Nxd4 11. Qxd4 Nd7 12. 0-0 Bf6 13. Qe3 Re8 14. f3 Ne5 15. b3 Nc6 16. Rd1 Bxc3 17. Qxc3 Qe7 18. Bb2 f6 19. Re1 Qe5 20. Qxe5 dxe5 21. Rad1 Rad8 22. Kf2 Nd4 23. Bxd4 exd4 24. b4 c5 25. Rd3 Bc6 26. Red1 Rb8 27. Bb3 Kf8 28. Ra1 1/2-1/2

[Event "Grenzturnering-B 1415"]
[Site "Denmark"]
[Date "2014.12.08"]
[Round "3"]
[White "Eis, Harald"]
[Black "Kristensen, Karl Martin"]
[Result "1-0"]
[WhiteElo "1757"]
[BlackElo "1650"]
[PlyCount "83"]
[EventDate "2014.09.23"]
[EventType "swiss"]
[EventRounds "7"]
[EventCountry "DEN"]
[SourceTitle "EXT 2023"]
[Source "ChessBase"]
[SourceDate "2022.10.05"]
[SourceVersion "1"]
[SourceVersionDate "2022.10.05"]
[SourceQuality "1"]

1. e4 e5 2. Nf3 Nc6 3. Bb5 d6 4. d3 Bd7 5. Bg5 Nf6 6. Nc3 h6 7. Bxf6 gxf6 8. Nd5 Bg7 9. Nh4 Nd4 10. Bxd7+ Qxd7 11. c3 c6 12. cxd4 cxd5 13. dxe5 dxe5 14. Nf5 Bf8 15. 0-0 h5 16. Qb3 0-0-0 17. Rac1+ Kb8 18. Rc2 Bh6 19. Nxh6 Rxh6 20. Rfc1 Rhh8 21. Rc5 dxe4 22. dxe4 Rc8 23. h3 Rhd8 24. Rxc8+ Rxc8 25. Rxc8+ Kxc8 26. Qf3 Qe6 27. b3 h4 28. Qg4 Qxg4 29. hxg4 Kd7 30. Kh2 b5 31. b4 Ke7 32. Kh3 Kf8 33. Kxh4 Kg7 34. Kh5 Kh7 35. g3 Kg7 36. f4 a6 37. fxe5 fxe5 38. Kg5 f6+ 39. Kf5 Kf7 40. g5 fxg5 41. Kxg5 Ke6 42. g4 1-0

[Event "Grenzturnering 1314"]
[Site "Denmark"]
[Date "2014.03.24"]
[Round "6"]
[White "Maas, Ralf"]
[Black "Kristensen, Karl Martin"]
[Result "1/2-1/2"]
[WhiteElo "1214"]
[BlackElo "1684"]
[PlyCount "60"]
[EventDate "2013.09.24"]
[EventType "swiss"]
[EventRounds "7"]
[EventCountry "DEN"]
[SourceTitle "EXT 2023"]
[Source "ChessBase"]
[SourceDate "2022.10.05"]
[SourceVersion "1"]
[SourceVersionDate "2022.10.05"]
[SourceQuality "1"]

1. d4 d6 2. Nf3 g6 3. g3 Bg7 4. Bg2 Nc6 5. c3 e5 6. e3 f5 7. dxe5 Nxe5 8. Nxe5 Bxe5 9. f4 Bg7 10. 0-0 Nf6 11. Qb3 c6 12. Nd2 d5 13. c4 Ne4 14. cxd5 Qxd5 15. Nxe4 fxe4 16. Qb4 Bf5 17. Qxb7 0-0 18. Qb3 Rab8 19. Qxd5+ cxd5 20. Rd1 Rfd8 21. Rb1 a5 22. b3 d4 23. Bd2 Rb5 24. Bc3 Rbd5 25. Bxd4 Bxd4 26. Rxd4 Rxd4 27. exd4 Rxd4 28. Rc1 Rd2 29. Re1 Rxa2 30. Bxe4 Be6 1/2-1/2

[Event "Logumkloster-chC"]
[Site "Logumkloster"]
[Date "2014.03.18"]
[Round "1"]
[White "Moller, Martin"]
[Black "Kristensen, Karl Martin"]
[Result "1/2-1/2"]
[WhiteElo "1100"]
[BlackElo "1316"]
[PlyCount "37"]
[EventDate "2014.03.18"]
[EventType "tourn"]
[EventRounds "5"]
[EventCountry "DEN"]
[SourceTitle "EXT 2023"]
[Source "ChessBase"]
[SourceDate "2022.10.05"]
[SourceVersion "1"]
[SourceVersionDate "2022.10.05"]
[SourceQuality "1"]

1. c4 e5 2. Nc3 Nc6 3. d3 d6 4. g3 g6 5. Bg2 Nce7 6. Nf3 h6 7. 0-0 Bg7 8. Bd2 c6 9. b4 g5 10. h4 g4 11. Nh2 h5 12. f3 f5 13. e4 Nh6 14. fxg4 fxg4 15. Qb3 Be6 16. b5 Qc7 17. Na4 b6 18. Rac1 c5 19. Nc3 1/2-1/2

[Event "Grenzturnering 1314"]
[Site "Denmark"]
[Date "2013.10.16"]
[Round "2"]
[White "Kristensen, Karl Martin"]
[Black "Wedel, Freddy"]
[Result "1-0"]
[WhiteElo "1684"]
[BlackElo "1038"]
[PlyCount "72"]
[EventDate "2013.09.24"]
[EventType "swiss"]
[EventRounds "7"]
[EventCountry "DEN"]
[SourceTitle "EXT 2023"]
[Source "ChessBase"]
[SourceDate "2022.10.05"]
[SourceVersion "1"]
[SourceVersionDate "2022.10.05"]
[SourceQuality "1"]

1. c4 Nf6 2. Nc3 e5 3. e4 Bb4 4. d3 d6 5. Be3 b6 6. Be2 h6 7. h4 Qd7 8. h5 Nc6 9. a3 Bxc3+ 10. bxc3 Bb7 11. Nh3 0-0-0 12. f4 Rhe8 13. g4 Nh7 14. g5 f5 15. gxf6 Nxf6 16. Rg1 Qxh3 17. Bg4+ Nxg4 18. Qxg4+ Qxg4 19. Rxg4 Rg8 20. f5 Rdf8 21. Ke2 Ne7 22. Rag1 Rf7 23. Bxh6 gxh6 24. Rxg8+ Nxg8 25. Rxg8+ Kd7 26. Rg6 Rh7 27. Ke3 c6 28. f6 Ke6 29. d4 a5 30. f7+ Kxf7 31. Rxd6 Bc8 32. Kf3 c5 33. dxe5 Ba6 34. Rxb6 Bxc4 35. Rc6 Kg7 36. Rxc5 Rh8 1-0

[Event "Grenzturnering 1314"]
[Site "Denmark"]
[Date "2013.09.24"]
[Round "1"]
[White "Homuth, Kim"]
[Black "Kristensen, Karl Martin"]
[Result "1-0"]
[WhiteElo "2050"]
[BlackElo "1684"]
[PlyCount "71"]
[EventDate "2013.09.24"]
[EventType "swiss"]
[EventRounds "7"]
[EventCountry "DEN"]
[SourceTitle "EXT 2023"]
[Source "ChessBase"]
[SourceDate "2022.10.05"]
[SourceVersion "1"]
[SourceVersionDate "2022.10.05"]
[SourceQuality "1"]

1. d4 d6 2. c4 g6 3. Nc3 Bg7 4. e4 Nc6 5. Be3 e5 6. d5 Nce7 7. Bd3 h5 8. Nge2 h4 9. Qc2 Nh6 10. f3 f6 11. 0-0-0 g5 12. g3 Ng6 13. Rdf1 0-0 14. Qd2 Kh7 15. Rhg1 Nf7 16. Kb1 b6 17. Nd1 Bd7 18. Bf2 Bh6 19. Qc2 a5 20. Ne3 h3 21. g4 Kh8 22. Rg3 Nf4 23. Ng1 Qb8 24. Nf5 b5 25. c5 b4 26. Bc4 Bb5 27. Nxh3 Qb7 28. Nxf4 gxf4 29. Rh3 Kh7 30. Bh4 Qa6 31. Bxb5 Qxb5 32. Rg1 Kg6 33. Nxh6 Nxh6 34. g5 Ng8 35. gxf6+ Kf7 36. Rg7+ 1-0